Statistics for Guess the Country based on a Landscape of it #2

Click here to take the quiz!

General Stats

  • This quiz has been taken 16 times
  • The average score is 7 of 16

Answer Stats

Answer% Correct
United States
100%
Malaysia
86%
China
79%
Norway
79%
Iceland
64%
Chile
57%
Belgium
50%
Laos
29%
Papua New Guinea
29%
Canada
21%
D.R. Congo
21%
India
21%
Ethiopia
14%
Kiribati
14%
Nauru
14%
Spain
7%

Score Distribution

Percentile by Number Answered

Percent of People with Each Score

Your Score History

You have not taken this quiz